000 00462nam a2200181 a 4500
005 20210223123709.0
008 991125s2004 mx 000 0 spa u
020 _a9993479020
035 _aUPN01000058188
049 _aCG
050 4 _aPQ7409 G7.6
_bF6
100 1 _aGuerrero, Celio,
_d1951-
245 1 0 _aFortuito /
_cCelio Guerrero.
260 _aSanto Domingo :
_bBÚHO,
_c2004.
300 _a155 p.
650 4 _aNOVELA DOMINICANA
_95587
905 _aLibro
999 _c58188
_d58188